Culture Générale - Série 427 - Statistiques

Statistiques générales
  • Ce quiz a été pris 772 fois
  • Le résultat moyen est 8 sur 10
Statistiques - réponses
Question Réponse % Correct
Sur quel continent se situe la Mongolie ? Asie
99%
Dans quel pays européen se trouve la ville de Vérone, chère à Roméo et Juliette ? Italie
99%
Combien d'épreuves d'athlétisme comporte l'heptathlon ? 7
96%
Dans quel jeu de société un meurtre peut-il être commis par le colonel Moutarde dans la salle à manger ? Le Cluedo
94%
De quel pays Caracas est-elle la capitale ? Venezuela
80%
Quel est le nom de famille du personnage interprété par Anthony Hopkins dans le film "Hannibal" ? Lecter
74%
Quel mot de sept lettres désigne la disparition temporaire complète ou partielle d'un astre ? Eclipse
71%
Comment appelle-t-on les glandes qui sécrètent les larmes de nos yeux ? glandes lacrymales
64%
Quelle est la capitale de la Mauritanie ? Nouakchott
45%
Dans "Cyrano de Bergerac" d'Edmond Rostand, comment se prénomme la belle dont Cyrano est amoureux ? Roxane
40%
Aucun quiz correspondant
Distribution des résultats
% des personnes avec chaque résultat
Percentile par nombre de réponses
Votre historique - résultats
Vous n’avez pas pris ce quiz